Statistics for World's 100 Best Airports 2018

Click here to take the quiz!

General Stats

  • This quiz has been taken 406 times
  • The average score is 61 of 100

Answer Stats

Answer% Correct
London Heathrow
92%
Tokyo Narita
92%
Singapore Changi
91%
London Gatwick
90%
New York JFK
90%
Tokyo Haneda
90%
Dubai
89%
Los Angeles
89%
Beijing Capital
88%
Paris CDG
88%
Moscow Domodedovo
87%
Moscow Sheremetyevo
87%
London City
86%
Shanghai Hongqiao
86%
Sydney
86%
Seoul Incheon
85%
Madrid Barajas
84%
Hong Kong
83%
Melbourne
82%
Rome Fiumicino
82%
Amsterdam Schiphol
81%
Bangkok Suvarnabhumi
81%
Frankfurt
81%
Seoul Gimpo
81%
Barcelona
80%
San Francisco
80%
Toronto Pearson
80%
Dallas/Fort Worth
79%
Vancouver
79%
Atlanta
78%
Delhi
77%
Johannesburg
77%
Mumbai
77%
Oslo
77%
Perth
77%
Houston George Bush
76%
Houston Hobby
76%
Munich
76%
Stockholm Arlanda
76%
Abu Dhabi Intl
75%
Cape Town
75%
Doha Hamad
75%
Dublin
75%
Kansai
75%
Kuala Lumpur
75%
Auckland
74%
Jakarta
74%
Copenhagen
72%
Montréal
71%
Boston Logan
70%
Helsinki-Vantaa
70%
Seattle-Tacoma
70%
Zurich
70%
Denver
69%
Athens
68%
Vienna
68%
Warsaw
68%
Lisbon
67%
Brussels
66%
Taiwan Taoyuan
65%
Brisbane
63%
Prague
59%
Budapest
58%
Hanoi Noi Bai
57%
Bogota
55%
Adelaide
53%
Lima
53%
Detroit
49%
Hamburg
49%
Phoenix
49%
Chengdu
45%
Shenzhen
44%
Dusseldorf
43%
Bahrain
41%
Christchurch
40%
Cologne/Bonn
39%
Birmingham
38%
Centrair Nagoya
38%
Minneapolis St. Paul
38%
Nice
38%
Xi'an
38%
Porto
37%
Bangalore
36%
Quito
33%
Durban
31%
Panama Tocumen
29%
Hyderabad
26%
Fukuoka
24%
Gold Coast
23%
Baku
20%
Cincinnati/Northern KY
20%
Raleigh Durham
17%
Guayaquil
12%
Malta
12%
Medina
12%
Halifax
7%
Mauritius
7%
Haikou Meilan
5%
Billund
3%
Sanya Phoenix
3%

Score Distribution

Percentile by Number Answered

Percent of People with Each Score

Your Score History

You have not taken this quiz